01739nam a2200289 a 4500001001000000005001700010008004100027041000800068044000800076084002000084100004500104245019100149250000600340260003900346300002200385500028200407500007300689500036600762500001001128546002401138650005201162650005601214650003401270650004501304700005001349740005001399BRCA_323020190320204157.0040309s1792----enka---###---#000-0#eng-# aeng aenk a531b.R59c17921 aCervantes Saavedra, Miguel ded1547-161610aThe History and Adventures of the Renowned Don QuixotecTranslated from the Spanish of Miguel de Cervantes Saavedra to wich is Prefixed some Account of the Author´s Life by T. Smollett. a6 aLondresbF. and C. Rivingtonc1792 a4 v.bil.c18 cm. aContenido : v.1. Primera parte. Vida de Cervantes extractada de la escrita por Mayáns. Nota del traductor. Prólogo del autor. -- v.2. Texto. -- v.3. Segunda parte. Prólogo de Cervantes. Aprobaciones y licencia que suelen llevar las traducciones de Smollett. -- v.4. Texto aEdición : Illustrated with 12 new Copper-Plates Elegantly Engraved aReproducción de la traducción de Smollett, publicada en 1765, pero con láminas diferentes de las conocidas hasta entonces. Estas láminas, que son anónimas, demuestran que, aunque su autor era un gran dibujante, desconocía la época en que Cervantes hizo vivir a los personajes de su novela. La parte tipográfica es bastante buena Lúdovik Osterc aQM423 aTexto en : inglés14aNovela españolayÉpoca clásica, 1500-170014aLiteratura españolayÉpoca clásica, 1500-170014aNovela españolaySiglo XVII14aDon Quijote (Personaje ficticio)eNovela1 aSmollett, Tobias Georged1721-1771eTraductor0 aEl Ingenioso Hidalgo Don Quijote de la Mancha